Online
Catalog

Don Pedro el Cruel : (Record no. 43429)

MARC details
000 -CABECERA
campo de control de longitud fija 00584nam a2200169 a 4500
001 - NÚMERO DE CONTROL
campo de control 000043940
005 - FECHA Y HORA DE LA ÚLTIMA TRANSACCIÓN
campo de control 20201002045045.0
008 - DATOS DE LONGITUD FIJA--INFORMACIÓN GENERAL
campo de control de longitud fija 140509s1975 sp a 000 0 spa d
020 ## - NÚMERO INTERNACIONAL ESTÁNDAR DEL LIBRO
Número Internacional Estándar del Libro 8433402153
040 ## - FUENTE DE LA CATALOGACIÓN
Centro catalogador/agencia de origen DO-SdBNP
Lengua de catalogación spa
Centro/agencia transcriptor BNPHU
100 1# - ENTRADA PRINCIPAL--NOMBRE DE PERSONA
Nombre de persona Moya, Gonzalo.
9 (RLIN) 71874
245 10 - MENCIÓN DE TÍTULO
Título Don Pedro el Cruel :
Resto del título biología, política y tradición literaria en la figura de Pedro I de Castilla /
Mención de responsabilidad, etc. Gonzalo Moya.
260 ## - PUBLICACIÓN, DISTRIBUCIÓN, ETC.
Lugar de publicación, distribución, etc. Madrid :
Nombre del editor, distribuidor, etc. Ediciones Júcar,
Fecha de publicación, distribución, etc. 1975.
300 ## - DESCRIPCIÓN FÍSICA
Extensión 355 p. :
Otras características físicas il. ;
Dimensiones 21 cm.
490 1# - MENCIÓN DE SERIE
Mención de serie La Vela latina
Designación de volumen o secuencia 33
Mención de serie Historia
830 #0 - PUNTO DE ACCESO ADICIONAL DE SERIE-TÍTULO UNIFORME
Título uniforme La Vela latina
Nombre de parte o sección de la obra Historia
Designación de volumen o secuencia 33
9 (RLIN) 53413
Holdings
Estado de retiro Estado de pérdida Restricciones de uso No para préstamo Código de colección Localización permanente Ubicación/localización actual Ubicación en estantería Fecha de adquisición Número de inventario Total de préstamos Signatura topográfica completa Código de barras Fecha visto por última vez Precio válido a partir de Tipo de ítem Koha
      Excluido de préstamo Monografías: Libros y Folletos General General En catalogación 09.05.2014 LF1   43940-10 25.06.2020 25.06.2020 No se presta

Powered by Koha